000 00656cam a22002413a 4500
001 4241
003 PGUSA
005 20140828083050.0
008 030701s2003||||xxu|||||s|||||000 | eng d
040 _aPGUSA
_beng
042 _adc
050 4 _aE011
100 1 _aUnknown
245 1 0 _aSe-quo-yah; from Harper's New Monthly, V.41
_h[electronic resource] /
_cUnknown
260 _bProject Gutenberg,
_c2003
506 _aPublic domain in the USA.
516 _aElectronic text
653 _aCherokee Indians
653 _aSequoyah, 1770?-1843
830 0 _aProject Gutenberg
_v4241
856 4 0 _uhttp://www.gutenberg.org/ebooks/4241
942 _cEB
999 _c233570
_d233570